Perdjandjian persahabatan Indonesia-India, disusun oleh Nurdjana Sutardjo. (Record no. 70515)
[ view plain ]
| 000 -LEADER | |
|---|---|
| fixed length control field | 00816cam a22002651 4500 |
| 001 - CONTROL NUMBER | |
| control field | sa 66006431 |
| 003 - CONTROL NUMBER IDENTIFIER | |
| control field | DLC |
| 005 - DATE AND TIME OF LATEST TRANSACTION | |
| control field | 20260227112256.0 |
| 008 - FIXED-LENGTH DATA ELEMENTS--GENERAL INFORMATION | |
| fixed length control field | 890803s1951 io 000 0 ind |
| 010 ## - LIBRARY OF CONGRESS CONTROL NUMBER | |
| LC control number | sa 66006431 |
| 035 ## - SYSTEM CONTROL NUMBER | |
| System control number | (OCoLC)23570585 |
| 040 ## - CATALOGING SOURCE | |
| Original cataloging agency | DLC |
| Transcribing agency | MiU |
| Modifying agency | DLC |
| 041 0# - LANGUAGE CODE | |
| Language code of text/sound track or separate title | indeng |
| 042 ## - AUTHENTICATION CODE | |
| Authentication code | premarc |
| 050 00 - LIBRARY OF CONGRESS CALL NUMBER | |
| Classification number | JX937 1951 |
| Item number | .A5 |
| 110 1# - MAIN ENTRY--CORPORATE NAME | |
| Corporate name or jurisdiction name as entry element | Indonesia. |
| 245 10 - TITLE STATEMENT | |
| Title | Perdjandjian persahabatan Indonesia-India, disusun oleh Nurdjana Sutardjo. |
| 260 ## - PUBLICATION, DISTRIBUTION, ETC. | |
| Place of publication, distribution, etc. | Djakarta, |
| Name of publisher, distributor, etc. | Endang |
| Date of publication, distribution, etc. | [1951?] |
| 300 ## - PHYSICAL DESCRIPTION | |
| Extent | 31 p. |
| Other physical details | illus., map. |
| Dimensions | 16 cm. |
| 500 ## - GENERAL NOTE | |
| General note | Includes text of the Treaty of friendship in English. |
| 651 #0 - SUBJECT ADDED ENTRY--GEOGRAPHIC NAME | |
| Geographic name | Indonesia |
| General subdivision | Foreign relations |
| Geographic subdivision | India. |
| 651 #0 - SUBJECT ADDED ENTRY--GEOGRAPHIC NAME | |
| Geographic name | India |
| General subdivision | Foreign relations |
| Geographic subdivision | Indonesia. |
| 700 1# - ADDED ENTRY--PERSONAL NAME | |
| Personal name | Sutardjo, Nurdjana, |
| Relator term | ed. |
| 710 1# - ADDED ENTRY--CORPORATE NAME | |
| Corporate name or jurisdiction name as entry element | India. |
| Title of a work | Treaties, etc., 1951. |
No items available.